[Event "St Louis Fall A 2019"]
[Site "Saint Louis USA"]
[Date "2019.09.10"]
[Round "1.1"]
[White "Bortnyk, Olexandr"]
[Black "Robson, Ray"]
[Result "1/2-1/2"]
[WhiteTitle "GM"]
[BlackTitle "GM"]
[WhiteElo "2602"]
[BlackElo "2653"]
[WhiteFideId "14120828"]
[BlackFideId "2023970"]
[EventDate "2019.09.10"]

1. e4 c5 2. c3 Nf6 3. e5 Nd5 4. Nf3 Nc6 5. d4 cxd4 6. cxd4 d6 7. Bc4 Nb6 8. Bb5
dxe5 9. Nxe5 Bd7 10. Nxd7 Qxd7 11. Nc3 e6 12. O-O Be7 13. Qg4 O-O 14. Rd1 Rfd8
15. Bh6 Bf8 16. Bg5 Be7 17. Bh6 Bf8 18. Bg5 Be7 19. d5 exd5 20. Qxd7 Rxd7 21.
Bxe7 Rxe7 22. Nxd5 Nxd5 23. Rxd5 a6 24. Bxc6 bxc6 25. Rc5 Re2 26. b3 Rd8 27. Ra5
Rdd2 28. Rxa6 g6 29. Rf1 Rxa2 30. Rxc6 Reb2 31. Rb6 Ra3 32. b4 Rab3 33. g3 Rxb4
34. Rxb4 Rxb4 1/2-1/2

[Event "St Louis Fall A 2019"]
[Site "Saint Louis USA"]
[Date "2019.09.10"]
[Round "1.3"]
[White "Lenderman, Aleksandr"]
[Black "Akobian, Varuzhan"]
[Result "1/2-1/2"]
[WhiteTitle "GM"]
[BlackTitle "GM"]
[WhiteElo "2645"]
[BlackElo "2618"]
[WhiteFideId "2021285"]
[BlackFideId "13300580"]
[EventDate "2019.09.10"]

1. d4 Nf6 2. c4 e6 3. Nf3 d5 4. Bg5 Be7 5. e3 O-O 6. Qc2 Nbd7 7. Nc3 h6 8. Bh4
c6 9. cxd5 exd5 10. Bd3 Re8 11. O-O Ne4 12. Bxe7 Qxe7 13. Rab1 Ng5 14. Nxg5 hxg5
15. b4 Nf6 16. Ne2 Bd7 17. Qc5 Ne4 18. Qxe7 Rxe7 19. Bxe4 Rxe4 20. Rfc1 Ree8 21.
Nc3 Rac8 22. a4 Bf5 23. Ra1 Bd3 24. Nd1 g4 25. Rc3 Bf5 26. Nb2 Kf8 27. Nd3 Bxd3
28. Rxd3 Ke7 29. Rc3 Kd6 30. Rac1 Re7 31. g3 g5 32. Kg2 f5 33. h3 gxh3+ 34. Kxh3
g4+ 35. Kg2 Rh8 36. Kf1 Rh1+ 37. Ke2 Rxc1 38. Rxc1 Rh7 39. a5 a6 40. Kd3 Rh2 41.
Ke2 Rh7 42. Kd3 Rh2 1/2-1/2

[Event "St Louis Fall A 2019"]
[Site "Saint Louis USA"]
[Date "2019.09.10"]
[Round "1.5"]
[White "Van Foreest, Jorden"]
[Black "Swiercz, Dariusz"]
[Result "1/2-1/2"]
[WhiteTitle "GM"]
[BlackTitle "GM"]
[WhiteElo "2622"]
[BlackElo "2648"]
[WhiteFideId "1039784"]
[BlackFideId "1126881"]
[EventDate "2019.09.10"]

1. d4 Nf6 2. c4 e6 3. Nf3 d5 4. Nc3 c5 5. cxd5 Nxd5 6. e4 Nxc3 7. bxc3 cxd4 8.
cxd4 Bb4+ 9. Bd2 Bxd2+ 10. Qxd2 O-O 11. Bd3 Nc6 12. Bc2 Qa5 13. Qxa5 Nxa5 14.
Bd3 b6 15. Kd2 Bb7 16. Rac1 Rac8 17. h4 h6 18. Ke3 Nc6 19. a3 Rfd8 20. Rc3 Ne7
21. Rhc1 Rxc3 22. Rxc3 Rc8 23. Rxc8+ Nxc8 24. g4 Kf8 25. Ne5 Ke7 26. f4 Nd6 27.
f5 b5 28. fxe6 fxe6 29. Ng6+ Kf7 30. Nf4 a6 31. g5 hxg5 32. hxg5 Ke7 33. Ng6+
Kf7 1/2-1/2

[Event "St Louis Fall A 2019"]
[Site "Saint Louis USA"]
[Date "2019.09.11"]
[Round "2.1"]
[White "Robson, Ray"]
[Black "Swiercz, Dariusz"]
[Result "0-1"]
[WhiteTitle "GM"]
[BlackTitle "GM"]
[WhiteElo "2653"]
[BlackElo "2648"]
[WhiteFideId "2023970"]
[BlackFideId "1126881"]
[EventDate "2019.09.10"]

1. e4 c5 2. Nf3 Nc6 3. Nc3 e5 4. Bc4 Be7 5. d3 d6 6. O-O Nf6 7. Ng5 O-O 8. f4
Bg4 9. Qe1 exf4 10. Bxf4 Nd4 11. Qd2 Qd7 12. a4 a6 13. e5 dxe5 14. Bxe5 Bf5 15.
Rae1 h6 16. Nf3 Rae8 17. h3 Bh7 18. Nxd4 cxd4 19. Bxf6 Bxf6 20. Rxe8 Rxe8 21.
Nd5 Bg5 22. Qf2 Bg6 23. Kh1 Be3 24. Qg3 Kh7 25. Bb3 f5 26. Qf3 Re5 27. Nb6 Qc7
28. Nc4 Re8 29. Nxe3 dxe3 30. Re1 f4 31. g3 Qa5 32. Re2 fxg3 33. Qxg3 Qh5 34.
Qg4 Qe5 35. Re1 Bh5 36. Qe4+ Qxe4+ 37. dxe4 Rxe4 38. Bd5 Re7 39. a5 g5 40. Kg2
Kg6 41. c4 Kf5 42. b4 Kf4 43. b5 Bg6 44. Rf1+ Ke5 45. Bf3 Bd3 46. Rc1 Kd4 47.
bxa6 bxa6 48. c5 e2 49. Kf2 e1=Q+ 50. Rxe1 Rxe1 51. Kxe1 Kxc5 52. Kf2 Kb4 53.
Kg3 Kxa5 54. Kg4 Bg6 55. h4 gxh4 56. Be2 Kb6 0-1

[Event "St Louis Fall A 2019"]
[Site "Saint Louis USA"]
[Date "2019.09.11"]
[Round "2.2"]
[White "Smirin, Ilia"]
[Black "Van Foreest, Jorden"]
[Result "1/2-1/2"]
[WhiteTitle "GM"]
[BlackTitle "GM"]
[WhiteElo "2599"]
[BlackElo "2622"]
[WhiteFideId "2801990"]
[BlackFideId "1039784"]
[EventDate "2019.09.10"]

1. e4 c5 2. Nf3 Nc6 3. Nc3 e5 4. Bc4 d6 5. d3 Be7 6. h3 Nf6 7. O-O O-O 8. a3 a6
9. Nd5 b5 10. Nxf6+ Bxf6 11. Bd5 Qc7 12. b4 Be6 13. Bxe6 fxe6 14. c3 Ne7 15. Be3
Ng6 16. g3 c4 17. a4 d5 18. Bc5 Rfd8 19. axb5 dxe4 20. Nd2 exd3 21. Qf3 Ne7 22.
Bxe7 Bxe7 23. bxa6 Bg5 24. Ne4 Be7 25. b5 Qb6 26. Rfb1 Rd5 27. Qe3 Bc5 28. Nxc5
Rxc5 29. Rb4 h6 30. Rab1 Rb8 31. Qe4 d2 32. Qc2 Rd5 33. Rd1 Rbd8 34. Qe4 Rxb5
35. Rxb5 Qxb5 36. a7 Qd5 37. Qxd5 exd5 38. Rxd2 Ra8 39. Rxd5 Rxa7 40. Rxe5 Ra1+
41. Kg2 Rc1 42. Re3 Kf7 43. Kf3 Rc2 44. Ke4 Rd2 45. Rf3+ Ke6 46. h4 Rd1 47. h5
Rd5 48. g4 Rd1 49. Re3 Kf6 50. Kf4 Rc1 51. Rf3 Ke6 52. g5 Rh1 53. Kg4 Rg1+ 54.
Rg3 Rf1 55. Re3+ Kf7 56. g6+ Kf6 57. Rf3+ Ke6 58. Rf7 Rg1+ 59. Kf4 Rg5 60. Ke4
Re5+ 61. Kd4 Rxh5 62. Kxc4 Rf5 63. Rxg7 Rxf2 64. Rg8 Rg2 65. Kb5 h5 66. c4 Rb2+
67. Kc6 Kf6 68. c5 h4 69. g7 Rh2 70. Kc7 h3 71. c6 Rh1 72. Rf8+ Kxg7 73. Rf3 Kg6
74. Rc3 Kg5 75. Kc8 h2 76. Rc2 Kf4 77. c7 Kg3 78. Rc3+ Kg2 79. Rc2+ 1/2-1/2

[Event "St Louis Fall A 2019"]
[Site "Saint Louis USA"]
[Date "2019.09.11"]
[Round "2.3"]
[White "Akobian, Varuzhan"]
[Black "Durarbayli, Vasif"]
[Result "1/2-1/2"]
[WhiteTitle "GM"]
[BlackTitle "GM"]
[WhiteElo "2618"]
[BlackElo "2626"]
[WhiteFideId "13300580"]
[BlackFideId "13402935"]
[EventDate "2019.09.10"]

1. d4 Nf6 2. c4 g6 3. Nc3 d5 4. cxd5 Nxd5 5. e4 Nxc3 6. bxc3 Bg7 7. Nf3 c5 8.
Be3 Qa5 9. Nd2 cxd4 10. Nc4 Qd8 11. cxd4 O-O 12. Rc1 f5 13. Qb3 Be6 14. Qxb7 Nd7
15. Qa6 Nb6 16. d5 Bf7 17. Nxb6 axb6 18. Qxb6 Qxb6 19. Bxb6 Rfb8 20. Be3 Bb2 21.
Rd1 Bc3+ 22. Bd2 Bxd2+ 23. Rxd2 Rb1+ 24. Rd1 Rxd1+ 25. Kxd1 Rxa2 26. exf5 gxf5
27. Ke1 Bxd5 28. f3 e5 29. Be2 Ra1+ 30. Bd1 Kg7 31. Kd2 Bb3 32. g3 Kf6 33. Re1
Ra2+ 34. Ke3 f4+ 35. Kd3 Bxd1 36. Rxd1 Rf2 37. gxf4 Rxf3+ 38. Ke2 Rxf4 39. Rd6+
Kg5 40. Re6 Rf5 41. Ke3 Kg4 42. Rh6 Rf7 43. Ke4 Kg5 44. Re6 Rf2 45. Rxe5+ Kg4
46. h3+ Kh4 47. Rf5 Rxf5 48. Kxf5 Kxh3 49. Kg5 Kg3 50. Kh6 Kg4 51. Kxh7 1/2-1/2

[Event "St Louis Fall A 2019"]
[Site "Saint Louis USA"]
[Date "2019.09.11"]
[Round "2.4"]
[White "Melkumyan, Hrant"]
[Black "Lenderman, Aleksandr"]
[Result "1/2-1/2"]
[WhiteTitle "GM"]
[BlackTitle "GM"]
[WhiteElo "2653"]
[BlackElo "2645"]
[WhiteFideId "13302485"]
[BlackFideId "2021285"]
[EventDate "2019.09.10"]

1. d4 Nf6 2. c4 e6 3. Nf3 d5 4. Nc3 Bb4 5. cxd5 exd5 6. Bg5 h6 7. Bh4 Bf5 8. e3
Nbd7 9. Be2 c6 10. Qb3 Qb6 11. Nd2 O-O 12. Bg3 Rfe8 13. O-O Bf8 14. Rfc1 a5 15.
a3 Qxb3 16. Nxb3 a4 17. Nd2 Re6 18. Bd1 b5 19. Bc2 Bxc2 20. Rxc2 Nb6 21. Ne2 Nc4
22. Nf4 Ree8 23. Nd3 Ne4 24. Nxe4 dxe4 25. Nf4 Rad8 26. Ne2 Rd7 27. h3 f6 28.
Nc3 Nb6 29. Rac1 Kf7 30. Nd1 Nc4 31. Nc3 Nb6 32. Kf1 Re6 33. Ke2 f5 34. Nb1 Nc4
35. Nd2 Nxd2 36. Rxd2 Rd5 37. Bc7 Ke8 38. Bb6 Kd7 39. Rdc2 Be7 40. Bc5 Bf6 41.
Rb1 Re8 42. b3 axb3 43. Rxb3 Ra8 44. Ra2 Ke6 45. a4 bxa4 46. Rba3 Rd7 47. Rxa4
Rxa4 48. Rxa4 Rb7 49. Bb4 Rb5 50. g3 h5 51. Bc3 c5 52. Kd2 cxd4 53. Bxd4 Bxd4
54. Rxd4 Rb2+ 55. Ke1 Rb1+ 56. Ke2 h4 57. gxh4 Rh1 58. Rd8 g6 59. Rh8 Kf7 60.
Rh7+ Kg8 61. Ra7 Rxh3 62. Kf1 Rxh4 63. Kg2 Rh7 64. Ra6 Kg7 65. Rb6 Rh8 66. Kg3
Rc8 67. Ra6 Kh6 68. Rb6 Kg5 69. Ra6 Rc3 70. Kg2 Kh5 71. Rf6 Rc1 72. Re6 g5 73.
Re5 Kg4 74. Re8 Rc4 75. Re7 Rb4 76. Re5 Ra4 77. Re8 Ra5 78. Re7 Kh5 79. Re6 Ra4
80. Rf6 Kg4 1/2-1/2

[Event "St Louis Fall A 2019"]
[Site "Saint Louis USA"]
[Date "2019.09.11"]
[Round "2.5"]
[White "Bortnyk, Olexandr"]
[Black "Ipatov, Alexander"]
[Result "1/2-1/2"]
[WhiteTitle "GM"]
[BlackTitle "GM"]
[WhiteElo "2602"]
[BlackElo "2650"]
[WhiteFideId "14120828"]
[BlackFideId "14116731"]
[EventDate "2019.09.10"]

1. e4 e5 2. Nf3 Nf6 3. Nxe5 d6 4. Nf3 Nxe4 5. Qe2 Qe7 6. d3 Nf6 7. Nc3 Qxe2+ 8.
Bxe2 Be7 9. h3 O-O 10. Bf4 h6 11. O-O-O Be6 12. Nd4 Bd7 13. Rhe1 Nc6 14. Bg4
Bxg4 15. Nxc6 bxc6 16. hxg4 Rfe8 17. f3 Nd5 18. Bd2 Bg5 19. Nxd5 cxd5 20. Bxg5
hxg5 21. d4 Kf8 22. Kd2 Rab8 23. Rxe8+ Kxe8 24. b3 Kd7 25. Rh1 Ke7 26. g3 f6 27.
Re1+ Kd7 28. Rh1 Ke7 29. a4 a5 30. Re1+ Kd7 31. Rh1 Ke7 32. Re1+ Kd7 1/2-1/2

[Event "St Louis Fall A 2019"]
[Site "Saint Louis USA"]
[Date "2019.09.12"]
[Round "3.1"]
[White "Ipatov, Alexander"]
[Black "Robson, Ray"]
[Result "0-1"]
[WhiteTitle "GM"]
[BlackTitle "GM"]
[WhiteElo "2650"]
[BlackElo "2653"]
[WhiteFideId "14116731"]
[BlackFideId "2023970"]
[EventDate "2019.09.10"]

1. d4 d5 2. c4 c6 3. Nf3 Nf6 4. Nbd2 Bf5 5. Nh4 Be4 6. Nxe4 Nxe4 7. Nf3 e6 8. a3
Nd7 9. e3 Bd6 10. Bd3 f5 11. O-O O-O 12. b4 Qf6 13. Bb2 g5 14. g3 h5 15. Ne5
Nxe5 16. dxe5 Bxe5 17. Bxe5 Qxe5 18. Qxh5 Rf7 19. f4 gxf4 20. Bxe4 Rh7 21. Qg5+
Rg7 22. Qh6 fxe4 23. Qxf4 Qxf4 24. Rxf4 Rf7 25. Rg4+ Kf8 26. Rc1 Rf3 27. b5 Ke7
28. Rg7+ Kd6 29. c5+ Ke5 30. Re1 cxb5 31. Rxb7 a6 32. Rb6 Rc8 33. c6 a5 34. Kg2
Kd6 35. g4 b4 36. axb4 axb4 37. c7+ Kxc7 38. Rxb4 Rg8 39. h3 Rh8 40. Rc1+ Kd6
41. Rb6+ Ke5 42. Rcc6 Rh6 43. g5 Rg6 44. h4 Rxe3 45. Rc2 Rf3 46. Rf2 Rxf2+ 47.
Kxf2 Kf4 48. Rb8 e5 49. Rf8+ Kg4 50. Rf6 Kh5 51. Rf8 Kxh4 52. Ke3 Rxg5 53. Rh8+
Kg3 54. Rd8 d4+ 55. Kxe4 Kf2 56. Ra8 Rg4+ 0-1

[Event "St Louis Fall A 2019"]
[Site "Saint Louis USA"]
[Date "2019.09.12"]
[Round "3.3"]
[White "Durarbayli, Vasif"]
[Black "Melkumyan, Hrant"]
[Result "1-0"]
[WhiteTitle "GM"]
[BlackTitle "GM"]
[WhiteElo "2626"]
[BlackElo "2653"]
[WhiteFideId "13402935"]
[BlackFideId "13302485"]
[EventDate "2019.09.10"]

1. e4 e5 2. Nf3 Nc6 3. Bb5 Nf6 4. d3 Bc5 5. Bxc6 dxc6 6. O-O Qe7 7. Nbd2 Bg4 8.
h3 Bxf3 9. Qxf3 Nd7 10. Nc4 f6 11. a3 a5 12. Qg3 Nf8 13. Be3 Bxe3 14. Qxe3 Ne6
15. g3 O-O 16. Kg2 a4 17. Qd2 b5 18. Ne3 Rad8 19. f4 exf4 20. gxf4 Nd4 21. f5 c5
22. Rae1 c4 23. Nd5 Qc5 24. Nf4 cxd3 25. cxd3 Qc2 26. Qxc2 Nxc2 27. Re2 Nd4 28.
Re3 Rfe8 29. Kf2 Kf7 30. Rg3 Re5 31. h4 Rc5 32. Rfg1 Rg8 33. h5 h6 34. Ke3 Nc2+
35. Kd2 Nd4 36. Ke3 Nc2+ 37. Kd2 Nd4 38. Kd1 Rc6 39. R1g2 Rd6 40. Kd2 Rc6 41.
Kd1 Rd6 42. Ke1 Rc6 43. Ne2 Nb3 44. Nc3 Nd4 45. Kd2 Rd6 46. Ke3 c6 47. Rg6 c5
48. R6g3 Rdd8 49. Kf4 Rde8 50. Nd5 Rd8 51. Ne3 Nc6 52. Nd5 Nd4 53. Rg6 Nc6 54.
Rc2 Ne5 55. Rg3 Rc8 56. Ke3 Rgd8 57. Rcg2 Rg8 58. Nf4 Rc6 59. Ne6 Rxe6 60. fxe6+
Kxe6 61. Rxg7 Rd8 62. Rd2 Rb8 63. Ke2 Nc6 64. Rc7 Nd4+ 65. Ke3 Kd6 66. Rg7 Nc6
67. Rf2 Ke6 68. Rg6 Rf8 69. Rxh6 Ne5 70. Rf4 Rf7 71. Ke2 Rf8 72. Rf5 Rf7 73. Rh8
Rg7 74. h6 Rg2+ 75. Rf2 1-0

[Event "St Louis Fall A 2019"]
[Site "Saint Louis USA"]
[Date "2019.09.12"]
[Round "3.4"]
[White "Van Foreest, Jorden"]
[Black "Akobian, Varuzhan"]
[Result "1/2-1/2"]
[WhiteTitle "GM"]
[BlackTitle "GM"]
[WhiteElo "2622"]
[BlackElo "2618"]
[WhiteFideId "1039784"]
[BlackFideId "13300580"]
[EventDate "2019.09.10"]

1. e4 e6 2. d4 d5 3. Nc3 Nf6 4. e5 Nfd7 5. f4 c5 6. Nf3 Nc6 7. Be3 Qb6 8. Na4
Qa5+ 9. c3 c4 10. b4 Qc7 11. Be2 Be7 12. O-O O-O 13. Bf2 b5 14. Nc5 a5 15. a3
Nxc5 16. dxc5 f5 17. h4 axb4 18. axb4 Rxa1 19. Qxa1 h5 20. Qb2 g6 21. Ra1 Bb7
22. g3 Ra8 23. Rxa8+ Bxa8 24. Qa1 Qb8 25. Qa6 Qb7 26. Qxb7 Bxb7 27. Nd4 Nxd4 28.
Bxd4 Bc6 29. Bf3 Kf7 30. Be2 Kg8 31. Bf3 1/2-1/2

[Event "St Louis Fall A 2019"]
[Site "Saint Louis USA"]
[Date "2019.09.12"]
[Round "3.5"]
[White "Swiercz, Dariusz"]
[Black "Smirin, Ilia"]
[Result "1/2-1/2"]
[WhiteTitle "GM"]
[BlackTitle "GM"]
[WhiteElo "2648"]
[BlackElo "2599"]
[WhiteFideId "1126881"]
[BlackFideId "2801990"]
[EventDate "2019.09.10"]

1. d4 Nf6 2. c4 e6 3. g3 c5 4. d5 exd5 5. cxd5 g6 6. Nc3 d6 7. Bg2 Bg7 8. Nf3
O-O 9. O-O Re8 10. Re1 a6 11. a4 Nbd7 12. Qc2 Ne5 13. Nxe5 Rxe5 14. Bf4 Re8 15.
h3 Rb8 16. a5 b5 17. axb6 Rxb6 18. e4 Nh5 19. Be3 Bd7 20. Ra2 Qb8 21. Kh2 Rb4
22. Nd1 Bb5 23. Bd2 Bc4 24. Ra1 Bb3 25. Qc1 Ra4 26. Bc3 Rxa1 27. Qxa1 Qb6 28.
Ne3 Nf6 29. Qc1 h5 30. g4 hxg4 31. Nxg4 Nxg4+ 32. hxg4 Bd4 33. Qh6 Qd8 34. g5
Qe7 35. f4 Qf8 36. Qxf8+ Kxf8 37. Ra1 Bxc3 38. bxc3 Bc4 39. Kg3 Bd3 40. Ra4 Rb8
41. c4 Ra8 42. Kf2 a5 43. Ke3 Bc2 44. Ra1 a4 45. Kd2 Bb3 46. Kc3 Ke7 47. e5 Rh8 1/2-1/2

[Event "St Louis Fall A 2019"]
[Site "Saint Louis USA"]
[Date "2019.09.13"]
[Round "4.2"]
[White "Akobian, Varuzhan"]
[Black "Swiercz, Dariusz"]
[Result "1-0"]
[WhiteTitle "GM"]
[BlackTitle "GM"]
[WhiteElo "2618"]
[BlackElo "2648"]
[WhiteFideId "13300580"]
[BlackFideId "1126881"]
[EventDate "2019.09.10"]

1. d4 Nf6 2. c4 g6 3. Nc3 d5 4. cxd5 Nxd5 5. e4 Nxc3 6. bxc3 Bg7 7. Ba3 O-O 8.
Nf3 b6 9. Bc4 Bb7 10. Qe2 c5 11. O-O Qc7 12. Rac1 Nc6 13. Rfd1 Rac8 14. h4 Na5
15. Bd3 e6 16. h5 Qc6 17. Rb1 Rfd8 18. Bc1 cxd4 19. cxd4 Qe8 20. hxg6 hxg6 21.
Bg5 f6 22. Bd2 Nc6 23. Bc3 g5 24. Bc4 Nb8 25. Nd2 Nd7 26. Rbc1 Nf8 27. Bb3 Bc6
28. Qa6 Rc7 29. Bb2 Bb5 30. Qa3 Rxc1 31. Rxc1 a5 32. Nc4 a4 33. Bd1 Qc6 34. d5
Qc5 35. Ne3 Qxa3 36. Bxa3 Bd3 37. Be7 Ra8 38. Bf3 Ng6 39. Bd6 f5 40. dxe6 g4 41.
exf5 gxf3 42. fxg6 Bxg6 43. Nd5 Rd8 44. Ne7+ Kh7 45. Nxg6 Kxg6 46. e7 Re8 47.
Rc6 b5 48. Rb6 fxg2 49. Rxb5 Bf6 50. Ra5 Bxe7 51. Re5 Kf7 52. Rxe7+ Rxe7 53.
Bxe7 Kxe7 54. Kxg2 Kd6 55. Kf3 Kc5 56. Ke4 Kb4 57. f4 Ka3 58. f5 Kxa2 59. f6 a3
60. f7 Kb2 61. f8=Q a2 62. Qb4+ Kc2 63. Qa3 Kb1 64. Qb3+ Ka1 65. Qc3+ Kb1 66.
Kd3 1-0

[Event "St Louis Fall A 2019"]
[Site "Saint Louis USA"]
[Date "2019.09.13"]
[Round "4.3"]
[White "Melkumyan, Hrant"]
[Black "Van Foreest, Jorden"]
[Result "1/2-1/2"]
[WhiteTitle "GM"]
[BlackTitle "GM"]
[WhiteElo "2653"]
[BlackElo "2622"]
[WhiteFideId "13302485"]
[BlackFideId "1039784"]
[EventDate "2019.09.10"]

1. d4 Nf6 2. c4 e6 3. Nf3 d5 4. Nc3 dxc4 5. e4 Bb4 6. Bxc4 Nxe4 7. O-O Nf6 8.
Qa4+ Nc6 9. Ne5 Rb8 10. d5 exd5 11. Nxd5 Nxd5 12. Nxc6 bxc6 13. Qxc6+ Qd7 14.
Qxd5 O-O 15. Bf4 Qg4 16. Qg5 Bd6 17. Qxg4 Bxg4 18. Bxd6 cxd6 19. b3 Rfe8 20.
Rfe1 Kf8 21. Kf1 a5 22. Rxe8+ Rxe8 23. f3 Be6 24. Bd3 Rc8 25. Ke2 Rc5 26. Kd2
Ke7 27. Re1 Kd7 28. Re4 h6 29. Rd4 Kc6 30. Be4+ Kc7 31. Bc2 Rb5 32. f4 Kc6 33.
Be4+ Kc5 34. Ke3 Rb4 35. Rd1 d5 36. Rc1+ Kd6 37. Bc2 g5 38. fxg5 hxg5 39. g3 f5
40. a3 f4+ 41. gxf4 Rxf4 42. Rg1 Rh4 43. Rxg5 Rxh2 44. Kd3 Rf2 45. Bd1 Ra2 46.
Kc3 d4+ 47. Kd3 Rxa3 48. Kxd4 Bxb3 49. Bxb3 Rxb3 50. Rxa5 1/2-1/2

[Event "St Louis Fall A 2019"]
[Site "Saint Louis USA"]
[Date "2019.09.13"]
[Round "4.4"]
[White "Bortnyk, Olexandr"]
[Black "Durarbayli, Vasif"]
[Result "1-0"]
[WhiteTitle "GM"]
[BlackTitle "GM"]
[WhiteElo "2602"]
[BlackElo "2626"]
[WhiteFideId "14120828"]
[BlackFideId "13402935"]
[EventDate "2019.09.10"]

1. e4 e5 2. Bc4 Nf6 3. d3 c6 4. Nf3 d5 5. Bb3 a5 6. a3 a4 7. Ba2 Bd6 8. Qe2 O-O
9. h3 Nbd7 10. O-O h6 11. Re1 Re8 12. Qf1 Nf8 13. Nc3 Bb8 14. g4 Ng6 15. Qg2 Be6
16. g5 hxg5 17. Nxg5 Ra5 18. Nxe6 Rxe6 19. Bg5 Qd7 20. Kh1 Nh7 21. exd5 cxd5 22.
Bd2 Nf6 23. Rg1 Rc5 24. Rae1 Kf8 25. Be3 Ra5 26. Bg5 Ba7 27. Bd2 Rc6 28. b4 axb3
29. Bxb3 Rxa3 30. Nb5 Rxb3 31. cxb3 Rc2 32. Bb4+ Bc5 33. Na3 Bxb4 34. Nxc2 Bxe1
35. Nxe1 Qb5 36. Qg5 Qxb3 37. Qf5 Qb6 38. Qc8+ Ne8 39. Nf3 Ne7 40. Qg4 f6 41.
Qh4 Qb3 42. Qh8+ Kf7 43. Rg3 d4 44. h4 Qd1+ 45. Kh2 Qf1 46. Ng5+ fxg5 47. Rf3+
Nf6 48. hxg5 Ng6 49. Rxf6+ gxf6 50. Qxf6+ Ke8 51. Qxg6+ Kd7 52. Qf7+ Kd6 53. g6
Qxd3 54. g7 Qh7+ 55. Kg3 Qd3+ 56. Qf3 1-0

[Event "St Louis Fall A 2019"]
[Site "Saint Louis USA"]
[Date "2019.09.13"]
[Round "4.5"]
[White "Ipatov, Alexander"]
[Black "Lenderman, Aleksandr"]
[Result "1/2-1/2"]
[WhiteTitle "GM"]
[BlackTitle "GM"]
[WhiteElo "2650"]
[BlackElo "2645"]
[WhiteFideId "14116731"]
[BlackFideId "2021285"]
[EventDate "2019.09.10"]

1. d4 e6 2. c4 Nf6 3. Nf3 d5 4. Nc3 Bb4 5. Bg5 h6 6. Bh4 dxc4 7. a3 Bxc3+ 8.
bxc3 Nbd7 9. e3 b5 10. a4 c6 11. Be2 a6 12. O-O Bb7 13. Qb1 Qc8 14. Qb2 O-O 15.
Rfb1 Nd5 16. Bg3 c5 17. Nd2 cxd4 18. exd4 Bc6 19. Ne4 f5 20. Nd6 Qd8 21. axb5
axb5 22. Rxa8 Bxa8 23. f3 Bc6 24. Bf1 Qe7 25. Nxb5 Bxb5 26. Qxb5 Nxc3 27. Qb4
Qxb4 28. Rxb4 Nd5 29. Rxc4 Ne3 30. Rc7 Nxf1 31. Bd6 Rd8 32. Kxf1 Nf6 33. Be5 Rd7
34. Rc8+ Kf7 35. h4 Nd5 36. Kf2 Ne7 37. Rc5 1/2-1/2

[Event "St Louis Fall A 2019"]
[Site "Saint Louis USA"]
[Date "2019.09.14"]
[Round "5.1"]
[White "Lenderman, Aleksandr"]
[Black "Robson, Ray"]
[Result "0-1"]
[WhiteTitle "GM"]
[BlackTitle "GM"]
[WhiteElo "2645"]
[BlackElo "2653"]
[WhiteFideId "2021285"]
[BlackFideId "2023970"]
[EventDate "2019.09.10"]

1. Nf3 d5 2. d4 Nf6 3. c4 c6 4. e3 Bg4 5. cxd5 cxd5 6. Nc3 e6 7. Qa4+ Nbd7 8.
Ne5 a6 9. Nxg4 Nxg4 10. Qb3 b5 11. h3 Ngf6 12. Bd3 Bd6 13. O-O O-O 14. Bd2 Nb6
15. Rfc1 Rc8 16. a4 b4 17. Ne2 a5 18. Be1 Qd7 19. Bb5 Qa7 20. f3 e5 21. Bh4 Qe7
22. dxe5 Qxe5 23. Bg3 Qe7 24. Bxd6 Qxd6 25. Qd3 Nfd7 26. Bxd7 Nxd7 27. Nf4 Nf6
28. b3 h6 29. Kf2 Rfe8 30. Qd2 Rcd8 31. Qd4 Rc8 32. Nd3 Qe7 33. Rxc8 Rxc8 34.
Rc1 Rxc1 35. Nxc1 Qc7 36. Qd2 Qe5 37. Ne2 Qf5 38. Qc1 Qd3 39. Nd4 g6 40. Qc5
Qd2+ 41. Ne2 Qa2 42. Qd4 Kg7 43. Qd3 Qb2 44. h4 h5 45. Qd1 Qe5 46. Qd4 Qf5 47.
Qb2 Kg8 48. Nf4 Nd7 49. Qc1 Qe5 50. Ne2 Qf6 51. Qc8+ Nf8 52. Qc7 Qxh4+ 53. Kf1
Qg5 54. Qxa5 Qxe3 55. Qxb4 Ne6 56. Qc3 Qa7 57. Qd3 d4 58. Qb5 Qc7 59. Ke1 Qc2
60. Qc4 Qb2 61. Kd1 h4 62. Qc2 Qa3 63. Nc1 Nc5 64. Qc4 d3 65. Nxd3 Nxb3 66. Kc2
Na1+ 67. Kd2 Nb3+ 68. Ke3 Qa2 69. Qc8+ Kh7 70. Qc3 Qxa4 71. Qf6 Kg8 72. Qd8+ Kg7
73. f4 Qa7+ 74. Kf3 Nd4+ 75. Kg4 Nf5 76. Qe8 Qg1 77. Qe5+ Kh7 78. Kg5 h3 79. Ne1
h2 80. Qe8 h1=Q 81. Qxf7+ Ng7 82. Nf3 Qh5+ 0-1

[Event "St Louis Fall A 2019"]
[Site "Saint Louis USA"]
[Date "2019.09.14"]
[Round "5.4"]
[White "Swiercz, Dariusz"]
[Black "Melkumyan, Hrant"]
[Result "1/2-1/2"]
[WhiteTitle "GM"]
[BlackTitle "GM"]
[WhiteElo "2648"]
[BlackElo "2653"]
[WhiteFideId "1126881"]
[BlackFideId "13302485"]
[EventDate "2019.09.10"]

1. e4 e5 2. Nf3 Nc6 3. d4 exd4 4. Nxd4 Nf6 5. Nxc6 bxc6 6. e5 Qe7 7. Qe2 Nd5 8.
h4 a5 9. c4 Ba6 10. b3 f6 11. exf6 Nxf6 12. Nc3 O-O-O 13. Bb2 Qd6 14. Rh3 Re8
15. Re3 Rxe3 16. Qxe3 Qc5 17. Qxc5 Bxc5 18. Be2 Re8 19. Kf1 Bd4 20. Na4 Bxb2 21.
Nxb2 c5 22. Na4 d6 23. Bf3 Rf8 24. Re1 Kd8 25. Rd1 Ke7 26. Re1+ Kd8 27. Rd1 Ke7
28. Re1+ 1/2-1/2

[Event "St Louis Fall A 2019"]
[Site "Saint Louis USA"]
[Date "2019.09.15"]
[Round "6.2"]
[White "Melkumyan, Hrant"]
[Black "Smirin, Ilia"]
[Result "1/2-1/2"]
[WhiteTitle "GM"]
[BlackTitle "GM"]
[WhiteElo "2653"]
[BlackElo "2599"]
[WhiteFideId "13302485"]
[BlackFideId "2801990"]
[EventDate "2019.09.10"]

1. d4 Nf6 2. c4 g6 3. Nc3 Bg7 4. e4 d6 5. f3 O-O 6. Nge2 a6 7. Ng3 Nc6 8. d5 Ne5
9. f4 Ned7 10. Be2 e6 11. dxe6 fxe6 12. O-O b6 13. Be3 Bb7 14. Qc2 Qe7 15. Rae1
Bh6 16. Bf3 Rab8 17. Kh1 Bg7 18. e5 dxe5 19. fxe5 Nxe5 20. Bxb7 Rxb7 21. Bg5
Ned7 22. Nd5 Qe8 23. Nf4 e5 24. c5 bxc5 25. Nd3 Qe6 26. Bxf6 Rxf6 27. Rxf6 Bxf6
28. Ne4 Be7 29. b3 Rb8 30. Ndxc5 Nxc5 31. Nxc5 Qc6 32. Qc4+ Kh8 33. Nxa6 Qxc4
34. bxc4 Rb2 35. g3 Rxa2 36. Nxc7 Rc2 37. Rxe5 Bd6 38. Re8+ Kg7 39. Nb5 Bc5 40.
Rc8 Rxc4 41. Rc7+ Kg8 42. Kg2 Rc1 43. Nd4 Ba3 44. Ra7 Bb2 45. Ra8+ Kf7 46. Ra7+
Kg8 47. Ra8+ 1/2-1/2

[Event "St Louis Fall A 2019"]
[Site "Saint Louis USA"]
[Date "2019.09.15"]
[Round "6.3"]
[White "Bortnyk, Olexandr"]
[Black "Swiercz, Dariusz"]
[Result "1/2-1/2"]
[WhiteTitle "GM"]
[BlackTitle "GM"]
[WhiteElo "2602"]
[BlackElo "2648"]
[WhiteFideId "14120828"]
[BlackFideId "1126881"]
[EventDate "2019.09.10"]

1. e4 e5 2. Bc4 Nf6 3. d3 c6 4. Nf3 d5 5. Bb3 Bb4+ 6. Bd2 Bxd2+ 7. Qxd2 a5 8. a4
O-O 9. exd5 cxd5 10. Nxe5 Nc6 11. d4 Qb6 12. Nxc6 bxc6 13. O-O Ne4 14. Qe3 Ba6
15. Re1 Qb4 16. f3 Rae8 17. Nd2 Qxd2 18. fxe4 Qb4 19. e5 f6 20. Rad1 fxe5 21.
dxe5 Rf5 22. h3 Rfxe5 23. Qxe5 Rxe5 24. Rxe5 h6 25. Re6 Qc5+ 26. Kh1 Bc4 27.
Rde1 Bxb3 28. cxb3 d4 29. Re8+ Kh7 30. Rd8 Qb4 31. Rf1 c5 32. Rf3 Qe1+ 33. Kh2 1/2-1/2